US Presidents by Surnames' Meaning and Origin - Statistics

General Stats
  • This quiz has been taken 72 times
  • The average score is 6 of 18
Answer Stats
Meaning Origin President % Correct
son of Nick English Richard Nixon
76%
one who uses a cart English Jimmy Carter
67%
trusty man Middle English Harry Truman
60%
settlement belonging to Wassa's people English George Washington
57%
rose field Dutch Franklin D. & Theodore Roosevelt
53%
from house, dwelling Old Dutch Martin Van Buren
50%
crooked, bent Luo Barack Obama
48%
iron cutter German Dwight D. Eisenhower
36%
drum Middle High German Donald Trump
34%
grand, tall, large, great Norman French Ulysses S. Grant
34%
tiler of roofs Old English John Tyler
31%
lake colony Brythonic & Latin Abraham Lincoln
21%
cliff land Old English Grover Cleveland
19%
house of the canon Gaelic James Buchanan
17%
son of Fionnlagh Scottish Gaelic William McKinley
16%
brave, hardy Old English Warren Harding
14%
triangle field Old English James Garfield
5%
very famous Germanic Millard Fillmore
3%
No matching quizzes found
Score Distribution
Percent of People with Each Score
Percentile by Number Answered
Your Score History
You have not taken this quiz